000 01774cam a22005054i 4500
003 PE-LiUPU
005 20250731165505.0
008 150623s r 000 0 d
020 _a0853647321
035 _a(Sirsi) i9780853647324
040 _aPE-LiUPU
_bspa
_cPE-LiUPU
_erda
049 _aPRUA
082 0 4 _a221.077
_bNI
_221
100 1 _aBroyles, Craig C.,
_eautor.
245 1 0 _aPsalms.
_n11 /
_cCraig C. Broyles.
264 1 _aPeabody, Massachusetts :
_bHendrickson Publishers,
_c1999.
300 _a539 páginas ;
_c21 centímetros
336 _atext
_2rdacontent
337 _aunmediated
_2rdamedia
338 _avolume
_2rdacarrier
490 0 _aNew International Biblical Commentary. Old Testament Series ;
_v11
504 _aIncluye bibliografía.
505 0 _aAbreviations. -Introduction. -Psalms. -For further reading. -Subject index. -Scripture index.
526 _aSEG44
526 _aSEG26
526 _aP151
526 _aP150
526 _aP149
526 _aP146
526 _aP145
526 _aP126
526 _aP125
526 _aP92
526 _aP75
526 _aP74
526 _aP27
526 _aP15
630 _aBiblia.
_pA.T.
_pSalmos
_xComentarios.
942 _2ddc
_cBOOK
949 _aRC 221.077 NI 11
_wDEWEY
_c1
_i47186
_lCCODEBUL1
_mBUL
_r0
_sY
_tBOOK
_u2015-6-24
_xTEOLOGIA
_PP35
_0COMPRA
_o.CIRCNOTE. No olvidar cambiar la fecha de devolución!!!!!!!
_o.STAFF. Colección General
994 _aC0
_bPEPRU
596 _a1
999 _aRC 221.077 NI 11
_wDEWEY
_c23735
_i47186
_f2021-11-8
_g6
_lCCODEBUL1
_mBUL
_r1
_sY
_tBOOK
_u2015-6-24
_xTEOLOGIA
_PP35
_0COMPRA
_o.CIRCNOTE. No olvidar cambiar la fecha de devolución!!!!!!!
_o.STAFF. Colección General
_d23735
980 _81
_gALBERTO SANCHEZ Responsable de Automatización